| 000 | 00366nam a2200145Ia 4500 | ||
|---|---|---|---|
| 008 | 150201s2002 xx 000 0 und d | ||
| 082 |
_a611.018 _bT2002S |
||
| 100 | _aSINGH,INDERBIR | ||
| 245 | _aTEXT BOOK OF HUMAN HISTOLOGY | ||
| 250 | _a6TH | ||
| 260 |
_bJAYPEE MEDICAL PUBLISHER _aDELHI _c2002 |
||
| 300 | _a1-355 | ||
| 650 | _aHUMAN HISTOLOGY | ||
| 942 |
_2ddc _cBK |
||
| 999 |
_c2888 _d2888 |
||